书目信息 |
| 题名: |
花鸟画技法教程
|
|
| 作者: | 陈岫岚 编写 | |
| 分册: | ||
| 出版信息: | 天津 天津人民美术出版社 2001 |
|
| 页数: | 48页 | |
| 开本: | 29cm | |
| 丛书名: | 美术课堂丛书 | |
| 单 册: | ||
| 中图分类: | J212.27 , J21-5 | |
| 科图分类: | ||
| 主题词: | 花鸟画--技法(美术)--教材 , 花鸟画 , 技法(美术) | |
| 电子资源: | ||
| ISBN: | 7-5305-1483-0 | |
| 000 | 00851oam2 2200277 450 | |
| 001 | 1574095319 | |
| 005 | 20150130203541.34 | |
| 010 | @a7-5305-1483-0@dCNY20.00 | |
| 100 | @a20010907d2001 em y0chiy0110 ea | |
| 101 | 0 | @achi |
| 102 | @aCN@b120000 | |
| 105 | @aa z 000yy | |
| 200 | 1 | @a花鸟画技法教程@9hua niao hua ji fa jiao cheng@f陈岫岚[编写] |
| 210 | @a天津@c天津人民美术出版社@d2001 | |
| 215 | @a48页@d29cm | |
| 225 | 2 | @a美术课堂丛书 |
| 330 | @a本书主要内容包括:花鸟画的起源和发展概况;花鸟画的材料、工具和运用;怎样学习花鸟画;工笔花鸟画的着色方法和步骤等。 | |
| 461 | 0 | @12001 @a美术课堂丛书 |
| 606 | 0 | @a花鸟画@x技法(美术)@j教材 |
| 606 | 0 | @a花鸟画 |
| 606 | 0 | @a技法(美术) |
| 690 | @aJ212.27@v5 | |
| 690 | @aJ21-5@v4 | |
| 701 | 0 | @a陈岫岚@9chen xiu lan@4编写 |
| 801 | 0 | @aCN@bTSSF@c20150130 |
| 905 | @aZUCC@dJ21-5@eJY165 | |
| 花鸟画技法教程/陈岫岚[编写].-天津:天津人民美术出版社,2001 |
| 48页;29cm.-(美术课堂丛书) |
| ISBN 7-5305-1483-0:CNY20.00 |
| 本书主要内容包括:花鸟画的起源和发展概况;花鸟画的材料、工具和运用;怎样学习花鸟画;工笔花鸟画的着色方法和步骤等。 |
| ● |
| 相关链接 |
|
|
|
|
正题名:花鸟画技法教程
索取号:J21-5/JY165
 
预约/预借
| 序号 | 登录号 | 条形码 | 馆藏地/架位号 | 状态 | 备注 |
| 1 | 7861860 | 278618603 | 学院路分馆/ [索取号:J21-5/JY165] | 在馆 | |
| 2 | 7861861 | 278618612 | 学院路分馆/ [索取号:J21-5/JY165] | 在馆 | |
| 3 | 7862993 | 278629931 | 学院路分馆/ [索取号:J21-5/JY165] | 在馆 | |
| 4 | 7862994 | 278629940 | 学院路分馆/ [索取号:J21-5/JY165] | 在馆 | |
| 5 | 7862995 | 278629959 | 学院路分馆/ [索取号:J21-5/JY165] | 在馆 | |
| 6 | 7862996 | 278629968 | 学院路分馆/ [索取号:J21-5/JY165] | 在馆 | |
| 7 | 7863001 | 278630019 | 学院路分馆/ [索取号:J21-5/JY165] | 在馆 |